00670nam a2200229 a 450000100060000000300080000600500170001400800410003102000150007203500190008704000260010604100080013208200250014010000130016524500670017826000510024530000240029650400500032065000240037070000230039470000230041754026BD-RjUL20211209080049.0161031s2004 i ||||| |||| 00| 0 eng d a8173195846 a(BD-RjUL)54148 aBD-RjULbengcBD-RjUL aeng 223a515.63bDET 20041 aDe, U. C aTensor calculus /cU C De; Absos Ali Shaikh.; Joydeep Sengupta aNew Delhi :b Narosa Publishing House, c2004. axi, 170 p. ;c24 cm aIncludes Bibliographical References and Index aCalculus of tensors aShaikh, Absos Ali  aSengupta, Joydeep